000 005710000a22001810004500
003 MACL
005 20160410152533.0
008 160410b xxu||||| |||| 00| 0 eng d
040 _aMACL
_cMACL
041 _aHindi
082 _a610
100 _aडॉ सुरेन्‍द्र कुमार पाण्‍डेय
_950276
245 _aआयुर्वेदपचशर्ती
260 _bसाहित्‍य भण्‍डार
_c2000
_aइलाहाबाद
350 _a75
650 _aMedical Sci.
_933115
942 _cHIN
_k610
_2ddc
999 _c11340
_d11340